[Event "FIDE WCCC U12 2018"]
[Site "Santiago de Compostela"]
[Date "2018.11.07"]
[Round "3"]
[White "Kang, Dorian"]
[Black "Droin, Augustin"]
[Result "1/2-1/2"]
[WhiteElo "1953"]
[BlackElo "2155"]
[Annotator "TA"]
[PlyCount "74"]
[EventDate "2018.11.04"]
[EventType "swiss"]
[EventCountry "ESP"]
[SourceTitle "playchess.com"]
[Source "ChessBase"]
[SourceQuality "1"]

{[%evp 16,74,22,13,38,38,27,13,22,0,60,9,-2,0,13,-33,-35,-32,-29,-33,0,0,16,-23,-24,-17,0,-37,-12,-21,0,0,0,0,0,0,0,-19,29,31,48,43,32,34,42,55,97,10,10,4,8,7,4,0,0,0,0,0,0,0,0]} 1. e4 c5 2. Nf3 d6 3. d4 cxd4 4. Nxd4 Nf6 5. f3 e5 6. Nb3 Be7 7. c4 a5 8. Be3 {B55: Sicilian: 2...d6 3 d4 cxd4 4 Nxd4 Nf6 5 f3} a4 9. Nc1 {LiveBook: 15 Games} (9. N3d2 O-O 10. Nc3 Qa5 11. Bd3 Bd8 12. Qe2 Bb6 13. O-O Nc6 14. Kh1 Be6 15. Nd5 Bxd5 16. cxd5 Bxe3 {½-½ (46) Ivanchuk,V (2726)-Korobov,A (2652) Huaian 2017}) 9... Qa5+ 10. Qd2 {White is slightly better.} Nc6 11. Nc3 Be6 12. Be2 Rc8 $146 (12... O-O $11) ({Predecessor:} 12... O-O 13. Rb1 Rfc8 14. b4 axb3 15. Nxb3 {0-1 (37) Chylewski,P (2213)-Krzyzanowski,M (2457) Gora Swietej Anny 2018}) 13. Nd5 ({White should play} 13. b3 $14) 13... Qxd2+ $11 14. Kxd2 Bd8 15. Nb6 (15. b4 {is interesting.} O-O 16. Nd3 Re8 17. Rac1 Nd4 18. N3f4) 15... Bxb6 $1 16. Bxb6 Nd7 17. Be3 Na5 18. b3 f5 19. Rb1 fxe4 20. fxe4 Nc5 21. Bd3 Nxd3 (21... O-O {feels hotter.} 22. Bc2 Nc6 23. Ne2 Nb4 24. Nc3 b5) 22. Kxd3 axb3 23. axb3 O-O 24. Bb6 Nc6 25. Ne2 Nb4+ 26. Kd2 Na6 27. Nc3 Nc5 28. Ke3 Nd7 29. Ba5 Nf6 30. h3 Nh5 31. g4 ({White should try} 31. Bb4 $16) 31... Nf4 $1 {The position is equal.} 32. Bb4 Ng2+ 33. Ke2 Rc6 34. Rbd1 Nf4+ 35. Ke3 Ng2+ 36. Ke2 Nf4+ 37. Ke3 Ng2+ {Precision: White = 44%, Black = 49%.} 1/2-1/2

[Event "FIDE WCCC U12 2018"]
[Site "Santiago de Compostela"]
[Date "2018.11.07"]
[Round "3"]
[White "Tobak, Mikhail"]
[Black "Ghazarian, Kirk"]
[Result "0-1"]
[WhiteElo "1936"]
[BlackElo "2264"]
[Annotator "TA"]
[PlyCount "90"]
[EventDate "2018.11.04"]
[EventType "swiss"]
[EventCountry "ESP"]
[SourceTitle "playchess.com"]
[Source "ChessBase"]
[SourceQuality "1"]

{[%evp 15,90,-7,0,-11,-4,-19,0,0,8,-8,0,0,0,0,7,0,6,-18,-28,-15,-7,-61,-49,-92,-96,-97,-68,-83,-73,-61,-91,-67,-22,-96,-89,-101,-102,-115,-97,-189,-116,-104,-106,-116,-104,-97,-56,-60,-49,-56,-50,-133,-118,-121,-131,-131,-66,-76,-35,-33,0,0,0,0,0,-4,0,0,0,-29,-8,-20,-16,-66,-70,-870,-853]} 1. g3 c5 2. Bg2 g6 3. e4 Nc6 4. Ne2 Bg7 5. c3 e5 6. f4 {B20: Sizilianisch} (6. O-O Nge7 7. d3 d5 8. a4 O-O 9. Na3 Be6 10. Qc2 Qd7 11. Rd1 Bh3 12. Be3 Bxg2 13. Kxg2 b6 14. d4 cxd4 15. cxd4 dxe4 16. dxe5 {0-1 (71) Caruana,F (2816)-So,W (2778) Leuven 2018}) 6... d6 7. O-O Nge7 8. d3 O-O {LiveBook: 8 Partien} 9. Na3 {[%cal Bb1a3,Ba3c2,Bc2e3,Be3d5][%mdl 32]} Be6 10. Nc2 Rc8 11. Ne3 $146 {zielt auf f5 ab.} ({Vorgänger:} 11. Be3 b6 12. d4 cxd4 13. cxd4 Bg4 14. Bf3 Bxf3 15. Rxf3 exf4 16. gxf4 {0-1 (44) Komora,A-Janos,J Bratislava 1992}) 11... Qd7 12. Nd5 f5 13. Be3 b6 14. Qd2 Bf7 15. Rad1 Rce8 16. fxe5 {Sf6+ ist eine echte Drohung.} Nxd5 17. exd5 Nxe5 18. Nf4 (18. h3 $11) 18... h6 19. Ne6 Bxe6 20. dxe6 Qxe6 21. Bxh6 Bxh6 22. Qxh6 Ng4 ({Vergiftet wäre} 22... Qxa2 $2 23. d4 $18) 23. Qd2 Qxa2 24. c4 {[#]} (24. Bc6 $11) 24... Qa4 $1 $17 ({Bitte nicht} 24... Ne3 $6 25. Ra1 $11) 25. Bd5+ Kg7 26. Qc3+ Re5 27. b3 (27. Ra1 $17 Qd7 28. Ra6) 27... Qd7 ({Lieber nicht} 27... Qa2 28. Rd2 $11) (27... Qb4 $19 28. Qxb4 cxb4) 28. d4 cxd4 29. Rxd4 Qe7 30. Bf3 Nf6 31. Qd2 Ne4 32. Bxe4 fxe4 {[%cal Bf5e4,Be4e3][%mdl 32]} 33. Rxf8 (33. Qe3 $15) 33... e3 34. Qd3 Qxf8 {[%mdl 4096] Endspiel KDT-KDT} 35. Rf4 {[#]} Qe7 ({Lieber} 35... Qxf4 $1 $17 {[%mdl 512]} 36. gxf4 e2 37. fxe5 e1=Q+ 38. Qf1 Qe3+ 39. Qf2 Qxf2+ 40. Kxf2 dxe5) 36. Kf1 $1 $15 Qb7 37. Ke1 e2 38. Qf3 $1 {[%cal Rf3b7]} Qe7 39. Qc3 $1 Qb7 40. Qf3 $1 {[%cal Rf3b7]} Qe7 41. Qc3 $1 Kg8 42. Qc2 Kh7 43. Qd3 {[#]} d5 $1 {[%mdl 512]} 44. cxd5 Qc5 {( -> ...Dc1+)} 45. Rf7+ $2 {[%mdl 8192]} (45. Re4 $15 Qg1+ 46. Kxe2 Qxh2+ 47. Kf3 Rf5+ 48. Rf4 Qh5+ 49. Kg2 Rxd5 50. Qc2) 45... Kh8 {Precision: Weiß = 28%, Schwarz = 44%.} 0-1

[Event "FIDE WCCC U12 2018"]
[Site "Santiago de Compostela"]
[Date "2018.11.07"]
[Round "3"]
[White "Maldonado Mena, German"]
[Black "Flores Quillas, Diego Saul Rodri"]
[Result "1/2-1/2"]
[WhiteElo "1898"]
[BlackElo "2205"]
[Annotator "TA"]
[PlyCount "112"]
[EventDate "2018.11.04"]
[EventType "swiss"]
[EventCountry "ESP"]
[SourceTitle "playchess.com"]
[Source "ChessBase"]
[SourceQuality "1"]

{[%evp 23,112,58,64,61,68,58,62,68,75,51,52,59,62,60,86,87,88,46,62,57,45,0,139,134,128,108,114,97,133,96,93,46,142,141,149,73,84,50,108,0,177,192,208,208,220,217,270,259,271,273,264,253,345,326,354,317,368,338,382,241,237,234,219,182,179,224,239,106,106,106,106,106,106,85,85,85,85,85,85,85,85,85,85,85,150,85,85,0,85,0,85]} 1. d4 Nf6 2. Nf3 c5 3. d5 e6 4. Nc3 exd5 5. Nxd5 Nxd5 6. Qxd5 Nc6 7. e4 d6 8. Ng5 Qc7 {A43: Alt-Benoni} 9. Bc4 Ne5 10. Bb5+ Bd7 (10... Nc6 11. O-O h6 12. Nf3 Be6 13. Qd3 Be7 14. Bf4 g5 15. Bg3 h5 16. h4 gxh4 17. Nxh4 {0-1 (43) Landa,K (2625)-Ponkratov,P (2604) Minsk 2015}) 11. Bxd7+ Qxd7 12. Bf4 Nc6 {LiveBook: 3 Partien} 13. c3 h6 14. Nf3 {[%cal Bg5f3,Bf3h2,Bh2f1,Bf1e3][%mdl 32]} Qe6 15. O-O-O O-O-O 16. Rd2 g5 $146 17. Bg3 Be7 18. h4 g4 19. Nh2 h5 20. Rhd1 Ne5 21. Nf1 Nc4 22. Rd3 Rh6 (22... Ne5 $11 {bleibt in der Remisbreite.}) 23. Ne3 $1 $16 {[%cal Re3c4]} Nxe3 24. Rxe3 Rhh8 25. Red3 Rhf8 26. Kd2 Qg6 27. Re3 Rfe8 (27... f5 $14 28. exf5 Rxf5) 28. Ke2 Bf8 {Schwarz plant ...Lh6.} 29. Bf4 (29. Kf1 $142) 29... Bh6 30. Bxh6 Qxh6 (30... Re5 $1 $14 31. Qd3 Qxh6) 31. Kf1 ({Viel schlechter ist} 31. Qxf7 $6 Re5 $11) (31. Qf5+ $16 Kb8 32. Rd5 (32. Qxf7 Rf8 $11)) 31... Qg6 $2 (31... Re5 $11 32. Qd3 Kc7) 32. e5 $18 {[%cal Re5d6]} dxe5 33. Qxc5+ Qc6 34. Rxd8+ Rxd8 35. Qxc6+ ({Weniger gut wäre} 35. Qxe5 Rd5 $16) 35... bxc6 36. Rxe5 {[%mdl 4096] Endspiel KT-KT} Rd1+ 37. Ke2 Rb1 38. b3 ({Nicht} 38. Rxh5 Rxb2+ 39. Ke3 Kd7 $18) 38... Rb2+ 39. Ke3 Rxa2 40. Rxh5 Ra3 41. Rc5 Rxb3 42. Rxc6+ Kd7 43. Ra6 Rxc3+ {[#]} 44. Kf4 $1 Rc4+ 45. Kf5 (45. Kg5 $18 {bietet bessere Gewinnchancen.}) 45... Rc2 $16 46. Rxa7+ Ke8 47. Kxg4 {Droht Kg3 und aus.} Rxf2 48. Kg3 (48. g3 {seems wilder.} Rg2 49. Kf4 Kf8 50. g4 Rb2 51. g5) 48... Rb2 49. h5 Kf8 50. Kh3 Kg7 51. g4 Rb4 52. Kh4 Rb5 53. Ra4 Rb1 {[#]} (53... f6 $142 54. Ra7+ Kh6) 54. Rf4 ({Besser ist} 54. g5 $1) 54... f6 55. Ra4 (55. Rf3 $16) 55... Rh1+ $11 56. Kg3 Rg1+ {Precision: Weiß = 52%, Schwarz = 49%.} (56... f5 $1 $11 {hält das Gleichgewicht.}) 1/2-1/2

[Event "FIDE WCCC U12 2018"]
[Site "Santiago de Compostela"]
[Date "2018.11.07"]
[Round "3"]
[White "Suleymanli, Suleyman"]
[Black "Shen, Shiyan"]
[Result "1/2-1/2"]
[WhiteElo "1882"]
[BlackElo "2187"]
[Annotator "TA"]
[PlyCount "101"]
[EventDate "2018.11.04"]
[EventType "swiss"]
[EventCountry "ESP"]
[SourceTitle "playchess.com"]
[Source "ChessBase"]
[SourceQuality "1"]

{[%evp 9,101,0,7,-23,-6,-20,-12,-16,0,-10,0,0,0,0,0,-3,0,0,0,0,0,0,0,0,0,0,7,10,16,13,12,20,42,27,34,39,39,17,28,0,0,0,27,15,30,0,0,-20,0,-16,0,0,47,27,80,32,84,31,84,73,85,23,20,14,36,36,37,37,55,11,11,11,11,0,0,0,0,0,0,0,0,0,0,0,0,0,0,0,0,0,0,0,0,0]} 1. d4 Nf6 2. Bg5 d5 3. Bxf6 exf6 4. e3 g6 5. Nf3 Bg7 {LiveBook: 5 Games} 6. Bd3 {D03: 1 d4 d5 2 Nf3 Nf6 3 Bg5, including Torre Attack with early ...d5} (6. c4 dxc4 7. Bxc4 O-O 8. Nc3 Nd7 9. h4 h5 10. Qc2 Nb6 11. Bb3 Bf5 12. e4 Qe7 13. O-O-O Bg4 {½-½ (61) Stefanova,A (2497)-Paciencia,E (2483) Surabaya 2002}) 6... c6 7. c3 Be6 $146 ({Predecessor:} 7... Nd7 8. Nbd2 Qe7 9. O-O O-O 10. e4 dxe4 11. Nxe4 f5 12. Ng3 Qd6 13. Re1 b6 {0-1 (39) Garcia Gil,J (1852)-Salvador Munoz,J (1936) Barcelona 2015}) 8. Nbd2 f5 9. Qb3 Qc7 10. c4 Nd7 11. O-O O-O 12. Rac1 {[#] Threatens to win with cxd5.} Rac8 13. cxd5 Bxd5 14. Bc4 Nb6 15. Bxd5 Nxd5 16. Nc4 Rfd8 17. Rfd1 f6 18. Ne1 Qf7 19. Nd3 Bf8 20. h3 Nb6 21. Na5 Qxb3 22. Nxb3 Kf7 23. Nbc5 (23. Na5 {is more complex.} Rc7 24. g3 Nd5 25. a3 h5 26. Kg2) 23... Rc7 24. Rc2 (24. g3 {looks sharper.} Bd6 25. Kg2 Nd5 26. h4 Re8 27. Rh1) 24... Bxc5 (24... g5 {with more complications.} 25. g4 f4 26. exf4 Rxd4 27. Re1 Bxc5 28. Nxc5 gxf4 29. Ne6 Re7) 25. Nxc5 Nd7 26. Nd3 Nf8 27. Rdc1 Ne6 28. Nc5 Rd5 29. b4 Nxc5 30. bxc5 $11 {[%mdl 4096] Endgame KRR-KRR} Ke7 31. g3 Kd8 (31... g5 $11 {remains equal.}) 32. Rb2 Kc8 ({Better is} 32... g5 $14) 33. a4 ({White should try} 33. Kg2 $16) 33... Re7 (33... g5 $14) 34. a5 a6 35. Rc3 (35. Kg2 $16) 35... g5 36. f4 gxf4 37. gxf4 Rg7+ 38. Rg2 Rdd7 39. Rcc2 Rde7 {The position is equal.} 40. Rxg7 Rxg7+ {KR-KR} 41. Kf2 Kd7 42. Rb2 Ke6 43. Rb3 Kd5 44. Rb2 h5 45. Rb1 h4 46. Rb2 Ke4 47. Rb3 Kd5 48. Rb2 Kc4 49. Rb1 Kc3 50. Rb6 Kd3 51. Rb2 {Precision: White = 48%, Black = 38%.} 1/2-1/2

[Event "FIDE WCCC U12 2018"]
[Site "Santiago de Compostela"]
[Date "2018.11.07"]
[Round "3"]
[White "Paternoster, Janez"]
[Black "Milikow, Elie"]
[Result "1/2-1/2"]
[WhiteElo "1872"]
[BlackElo "2173"]
[Annotator "TA"]
[PlyCount "55"]
[EventDate "2018.11.04"]
[EventType "swiss"]
[EventCountry "ESP"]
[SourceTitle "playchess.com"]
[Source "ChessBase"]
[SourceQuality "1"]

{[%evp 18,55,47,18,29,-2,29,33,33,42,39,29,46,33,77,68,68,22,10,27,87,82,71,71,81,41,31,49,31,39,40,31,54,0,0,0,0,0,0,0]} 1. d4 Nf6 2. c4 c5 3. d5 b5 4. cxb5 a6 5. bxa6 g6 6. Nc3 {A58: Benko/Volga Gambit: Lines with 5 bxa6} Bg7 7. Nf3 O-O 8. e4 (8. g3 d6 9. Bg2 Nxa6 10. O-O Bf5 11. Nh4 Bd7 12. b3 Qb6 13. Bd2 Rfb8 14. Re1 Nc7 15. Qc2 Ra3 16. Qc1 Qa7 17. e4 Ng4 18. h3 {0-1 (38) Li,C (2732)-Shankland,S (2671) Liaocheng 2018}) 8... Qa5 9. Bd2 Bxa6 10. Bxa6 {LiveBook: 60 Games} Qxa6 11. Qe2 (11. a4 {looks sharper.} e6 12. dxe6 fxe6 13. Qc2 d5 14. Nb5) 11... Qxe2+ 12. Kxe2 d6 13. Bg5 $146 {[%cal Bd2g5,Bg5h4,Bh4g3][%mdl 32]} Na6 14. a3 Rfb8 15. Rhb1 Nc7 16. Nd2 h6 17. Bh4 (17. Bxf6 $5 Bxf6 18. Kd3 $11) 17... g5 18. Bg3 Nb5 (18... Nd7 $11 {keeps the balance.}) 19. Nxb5 $16 Rxb5 20. f3 Nd7 21. Nc4 (21. Ra2 {is more complex.} f5 22. b3 f4 23. Be1 Ne5 24. a4) 21... Nb6 22. Nxb6 Rxb6 23. Ra2 c4 24. Kd1 Rb3 25. Rc1 (25. a4 $14) 25... Rxb2 {The position is equal.} 26. Rxb2 Bxb2 27. Rxc4 Rxa3 28. Rc2 {Precision: White = 51%, Black = 45%.} 1/2-1/2

[Event "FIDE WCCC U12 2018"]
[Site "Santiago de Compostela"]
[Date "2018.11.07"]
[Round "3"]
[White "Palczert, Matyas"]
[Black "Tian, Eddy"]
[Result "1/2-1/2"]
[WhiteElo "1866"]
[BlackElo "2151"]
[Annotator "TA"]
[PlyCount "89"]
[EventDate "2018.11.04"]
[EventType "swiss"]
[EventCountry "ESP"]
[SourceTitle "playchess.com"]
[Source "ChessBase"]
[SourceQuality "1"]

{[%evp 15,89,78,71,71,89,72,75,74,120,122,148,22,29,23,38,39,33,37,59,-16,-25,-18,-26,-43,0,0,0,0,12,0,3,0,0,0,0,0,0,0,0,0,0,0,14,0,-7,-33,-33,-31,-31,-38,-37,-37,-12,-12,-4,-8,-5,-5,-2,-27,-12,-12,-12,-12,-12,-12,0,0,0,0,0,0,0,0,0,0]} 1. e4 e5 2. Nf3 Nc6 3. Be2 Nf6 4. Nc3 Bc5 5. Nxe5 Nxe5 6. d4 Bxd4 7. Qxd4 d6 8. O-O O-O 9. Bg5 {[%cal Bc1g5,Bg5h4,Bh4g3][%mdl 32] C46: 3 Nc3: Unusual Black 3rd moves} h6 10. Bh4 c5 (10... Ng6 11. Bxf6 gxf6 12. f4 f5 13. Nd5 f6 14. Bh5 {1-0 (30) Schneider,D (1545)-Tham,N (1818) Verden/Aller 2017}) 11. Qd1 {White is better.} Ng6 $146 ({Predecessor:} 11... Bg4 12. f3 Be6 13. f4 Nc4 14. Qc1 d5 15. exd5 Bxd5 16. Rd1 Qd6 17. Bxc4 Rad8 18. Nxd5 Qb8 19. Bxf6 {1-0 (20) Hoffmann,M-Pillars,P IECG email 1999}) 12. Bg3 Qb6 13. Nd5 ({Inferior is} 13. Bxd6 Rd8 $17) ({White should try} 13. Qxd6 $16 Qxb2 14. Qxc5) 13... Nxd5 $11 14. Qxd5 Be6 15. Qxd6 Qxb2 16. Qxc5 Rfc8 17. Qb5 (17. Qe3 $14) 17... Rxc2 18. Qxb2 Rxb2 19. Bh5 Nf8 20. Rfb1 Rxb1+ 21. Rxb1 Bxa2 22. Rxb7 a5 23. Rb8 Rxb8 24. Bxb8 {[%mdl 4096] Endgame KBB-KBN} Nd7 25. Bd6 a4 26. Kf1 Nb6 27. Be2 f6 28. Ke1 Bc4 29. Bc5 (29. Bg4 {is interesting.} Bb3 30. Bc5 Nc4 31. Be6+ Kh7 32. Bd5) 29... Bxe2 30. Bxb6 {KB-KB} (30. Kxe2 {seems wilder.} Nd7 31. Bd4 a3 32. Kd3 a2 33. Kc4) 30... Bd3 31. f3 a3 32. g3 Kf7 33. Kd2 Ba6 34. Bd4 Bc4 35. f4 a2 36. f5 g6 37. Ke3 g5 38. e5 {The position is equal.} fxe5 39. Bxe5 Bb3 40. h4 Bc2 41. hxg5 hxg5 42. f6 $1 Ke6 43. Ba1 Bg6 44. Kf3 Kf5 45. Bb2 {Precision: White = 54%, Black = 53%.} 1/2-1/2

[Event "FIDE WCCC U12 2018"]
[Site "Santiago de Compostela"]
[Date "2018.11.07"]
[Round "3"]
[White "Amilal, Munkhdalai"]
[Black "Razafindratsima, Timothe"]
[Result "1/2-1/2"]
[WhiteElo "1864"]
[BlackElo "2092"]
[Annotator "NA RC"]
[PlyCount "153"]
[EventDate "2018.11.04"]
[EventType "swiss"]
[EventCountry "ESP"]
[SourceTitle "playchess.com"]
[Source "ChessBase"]
[SourceQuality "1"]
[TimeControl "40/5400+30:1800+30"]

{[%evp 11,153,39,32767,32767,32767,32767,45,46,46,18,55,46,64,0,6,-5,0,-19,-20,-22,-14,-40,-16,-52,-27,-49,-31,-66,11,1,32767,32767,32767,-6,28,18,33,23,32767,32767,44,32767,31,32767,16,32767,-17,-37,-9,-45,32767,32767,32767,32767,32767,32767,32767,32767,32767,32767,32767,32767,32767,32767,32767,32767,32767,32767,32767,32767,32767,32767,32767,32767,32767,32767,32767,-86,32767,32767,32767,32767,32767,32767,32767,32767,32767,32767,32767,32767,32767,32767,32767,32767,32767,32767,32767,32767,32767,32767,32767,32767,32767,32767,32767,32767,32767,32767,-8,0,0,0,0,-15,-9,-9,-11,-10,142,158,204,225,259,253,233,246,530,0,0,0,0,0,0,0,0,0,0,0,0,0,0,32767,0,0]} 1. e4 {[%emt 0:00:00]} e5 {[%emt 0:00:00]} 2. Nf3 {[%emt 0:00:00]} Nc6 {[%emt 0:00:00]} 3. Bb5 {[%emt 0:00:00]} a6 {[%emt 0:00:00]} 4. Ba4 {[%emt 0:00:00]} d6 {[%emt 0:00:00]} 5. c3 {[%emt 0:00:02]} Bd7 {[%emt 0:00:31]} 6. O-O {[%emt 0:00:24]} Nf6 {[%emt 0:00:51]} 7. Re1 {[%emt 0:00:21]} g6 {[%emt 0:01:09]} 8. d4 {[%emt 0:01:19]} b5 {[%emt 0:00:27]} 9. Bc2 {[%emt 0:08:36] LiveBook: 22 Games} Bg7 {[%emt 0:00:39]} 10. dxe5 {[%emt 0:10:24] C76: Ruy Lopez: Deferred Steinitz: 5 c3 Bd7 6 d4 g6} (10. Nbd2 O-O 11. dxe5 Nxe5 12. Nxe5 dxe5 13. Nb3 Qe7 14. Be3 Rfd8 15. Qf3 h5 16. h3 Nh7 17. Nc5 Bc6 18. Bb3 Bf6 {½-½ (30) Perez Ponsa,F (2553)-Adams,M (2709) Caleta 2018}) 10... dxe5 {[%emt 0:01:03]} 11. Be3 {[%emt 0:01:11]} O-O {[%emt 0:01:22]} 12. Bc5 {[%emt 0:03:24]} (12. Nbd2 $14) 12... Re8 {[%emt 0:00:35]} 13. Nbd2 {[%emt 0:00:49]} Na5 {[%emt 0:03:00]} 14. Qe2 {[%emt 0:07:13]} Nb7 {[%emt 0:01:15]} 15. Be3 {[%emt 0:03:39]} c5 {[%emt 0:01:46]} 16. c4 $146 {[%emt 0:06:01]} ({Predecessor:} 16. Bg5 h6 17. Bxf6 Qxf6 {1-0 (47) Daggupati,B (2273)-Tang,A (2509) Philadelphia 2018}) 16... Qc7 {[%emt 0:02:14]} 17. Bd3 {[%emt 0:05:32]} Nd6 {[%emt 0:04:50]} 18. Rac1 {[%emt 0:08:22]} b4 $1 {[%emt 0:06:01]} 19. Bg5 {[%emt 0:05:48]} h6 {[%emt 0:02:50]} ({Black should play} 19... Nh5 $15) 20. Bxf6 $1 {[%emt 0:03:55]} Bxf6 {[%emt 0:01:12]} 21. Nf1 {[%emt 0:00:05]} Bg7 {[%emt 0:01:38]} 22. Ne3 {[%emt 0:00:12]} Bc6 {[%emt 0:00:25]} 23. Nd5 {[%emt 0:03:41]} Qa7 {[%emt 0:12:26]} 24. Nd2 {[%emt 0:05:58]} Rac8 {[%emt 0:09:45]} 25. Red1 {[%emt 0:05:15]} Nb7 {[%emt 0:07:17]} 26. Qe3 {[%emt 0:00:30]} a5 {[%emt 0:01:59]} 27. h3 {[%emt 0:06:06]} Nd8 {[%emt 0:02:29]} 28. Ra1 {[%emt 0:00:30]} Ne6 {[%emt 0:17:18]} 29. Nf3 {[%emt 0:05:40]} (29. a3 $5 {[%cal Ra3b4]} b3 30. a4 $11 (30. Nxb3 Rb8 $15)) 29... Qb8 {[%emt 0:04:22]} 30. Rac1 {[%emt 0:01:03]} Nf4 {[%emt 0:01:21]} 31. Bb1 {[%emt 0:00:32]} Ba8 32. Kh2 {[%emt 0:00:59]} h5 {[%emt 0:05:21]} 33. g3 {[%emt 0:00:54]} Ne6 {[%emt 0:01:03]} 34. Bc2 {[%emt 0:00:30]} Qa7 {[%emt 0:00:30]} 35. Ba4 {[%emt 0:02:03]} Bc6 {[%emt 0:00:59]} 36. Bc2 {[%emt 0:00:41]} Rcd8 {[%emt 0:00:41]} 37. Ra1 {[%emt 0:00:28]} Nd4 38. Nxd4 {[%emt 0:00:14]} exd4 {[%emt 0:01:03]} 39. Qd3 {[%emt 0:00:27]} Qd7 {[%emt 0:04:51]} 40. Re1 {[%emt 0:00:00]} Bb7 {[%emt 0:00:00]} 41. Rh1 {[%emt 0:08:38]} h4 42. Rae1 {[%emt 0:00:06]} hxg3+ {[%emt 0:06:13]} 43. fxg3 {[%emt 0:08:20]} Re5 44. Qd2 {[%emt 0:00:08]} Rh5 {[%emt 0:03:55]} 45. Kg2 {[%emt 0:02:01]} Qd6 46. Bd3 {[%emt 0:02:44]} Bh6 {[%emt 0:05:49]} 47. Qf2 Bxd5 {[%emt 0:09:11]} 48. cxd5 {[%emt 0:01:17]} Be3 {[%emt 0:00:18]} 49. Qf3 {[%emt 0:00:05]} Re5 {[%emt 0:00:41]} 50. Rhf1 {[%emt 0:00:47]} Qe7 {[%emt 0:00:24]} 51. Qf6 {[%emt 0:04:07]} Rxe4 {[%emt 0:02:09]} 52. Qxf7+ {[%emt 0:09:45]} Qxf7 {[%emt 0:00:10]} 53. Rxf7 {[%emt 0:00:06]} Kxf7 {[%emt 0:00:24]} 54. Bxe4 {[%emt 0:00:11]} c4 {[%emt 0:00:22]} 55. b3 {[%emt 0:01:09]} Re8 {[%emt 0:03:35]} 56. Kf3 {[%emt 0:01:12]} c3 {[%emt 0:00:47]} 57. Bd3 {[%emt 0:02:02]} Rc8 {[%emt 0:01:29]} 58. Re2 {[%emt 0:00:15]} Bd2 {[%emt 0:00:20]} 59. Ke4 {[%emt 0:01:42]} Re8+ {[%emt 0:03:20]} 60. Kf3 {[%emt 0:00:12]} Rc8 {[%emt 0:05:21]} 61. Ke4 {[%emt 0:00:05]} a4 {[%emt 0:02:52]} 62. Kxd4 {[%emt 0:00:18]} c2 {[%emt 0:00:19]} 63. Bxc2 $1 {[%emt 0:01:20]} Rxc2 {[%emt 0:00:04]} 64. bxa4 {[%emt 0:01:03]} Rxa2 {[%emt 0:01:02] [#]} (64... Bc3+ $11 65. Kd3 Rxe2 66. Kxe2 Ke7) 65. Kc4 $1 {[%emt 0:00:08]} ({Don't blunder} 65. Kd3 $2 b3 $19) 65... Rb2 {[%emt 0:01:46]} 66. a5 {[%emt 0:00:32]} Ra2 {[%emt 0:00:49] [#]} 67. a6 $1 {[%emt 0:00:11]} Rxa6 {[%emt 0:00:29]} 68. Rxd2 {[%emt 0:00:05]} Ra3 {[%emt 0:00:06]} 69. Rd3 $2 {[%emt 0:00:38]} ({Not} 69. Kxb4 Rxg3 70. Rh2 Ke7 $16) (69. Rg2 $18) 69... Rxd3 {[%emt 0:00:48]} 70. Kxd3 {[%emt 0:00:04]} Ke7 {[%emt 0:00:05]} 71. h4 {[%emt 0:01:04]} Kd6 {[%emt 0:00:05]} 72. Kc4 {[%emt 0:01:35]} b3 {[%emt 0:00:08]} 73. Kxb3 {[%emt 0:00:04]} Kxd5 74. Kc3 {[%emt 0:00:10]} Ke4 {[%emt 0:00:10]} 75. g4 {[%emt 0:00:07]} Kf4 {[%emt 0:00:07]} 76. h5 {[%emt 0:00:12]} gxh5 $11 {[%emt 0:00:03]} 77. gxh5 {[%emt 0:00:05]} 1/2-1/2

[Event "FIDE WCCC U12 2018"]
[Site "Santiago de Compostela"]
[Date "2018.11.07"]
[Round "3"]
[White "Akhmedinov, Satbek"]
[Black "Nguyen, Quoc Hy"]
[Result "1/2-1/2"]
[WhiteElo "1856"]
[BlackElo "2117"]
[Annotator "TA"]
[PlyCount "113"]
[EventDate "2018.11.04"]
[EventType "swiss"]
[EventCountry "ESP"]
[SourceTitle "playchess.com"]
[Source "ChessBase"]
[SourceQuality "1"]

{[%evp 17,113,12,16,-3,-1,0,80,-22,-23,-27,-27,-53,-53,-49,-56,-49,-52,-49,-51,-54,-68,-72,-27,-68,-57,-95,-93,-102,-99,-130,-118,-145,-144,-144,-148,-154,-142,-150,-130,-132,-125,-125,-99,-155,-154,-166,-131,-161,-150,-208,-208,-202,-167,-205,-160,-189,-162,-143,-147,-138,-95,-90,-85,-84,-90,-194,-99,-100,0,0,0,0,0,0,0,0,0,0,0,0,0,0,0,0,0,0,0,0,0,0,0,0,0,0,0,0,0,0]} 1. e4 {[%cal Be2e4,Be4e5][%mdl 32]} c5 2. Nf3 e6 3. c3 Nf6 4. e5 Nd5 5. d4 cxd4 6. cxd4 d6 7. Bc4 Nb6 8. Bd3 dxe5 {B22: Sicilian: 2 c3} 9. Nxe5 (9. dxe5 Na6 10. O-O Nc5 11. Be2 Qxd1 12. Rxd1 Nd5 13. Bc4 Nb6 14. Bb5+ Bd7 15. Nc3 a6 16. Be2 {1-0 (38) Tiviakov,S (2583)-Van Wely,L (2674) Amsterdam 2018}) 9... Nc6 {LiveBook: 22 Games} 10. Qf3 {[%csl Ge5][%cal Rf3f7]} Nxe5 11. dxe5 Bb4+ $146 (11... Bd7 $11 {remains equal.}) ({Predecessor:} 11... Nd7 12. O-O Nxe5 13. Bb5+ Bd7 14. Qxb7 Qc8 15. Bxd7+ Nxd7 16. Qb5 {½-½ (66) Atalik,E (2383)-Cramling,P (2470) Istanbul 2003}) 12. Bd2 (12. Nc3 $16) 12... Qd4 $11 13. O-O Qxb2 14. Bc3 Bxc3 15. Nxc3 Bd7 $1 16. Nb5 Bxb5 17. Rab1 Bc6 {[#]} 18. Qxc6+ $1 {[%mdl 512]} bxc6 19. Rxb2 Kd7 20. Rd1 Rhd8 21. Be4+ {[#]} Ke7 $1 {[%cal Rd8d1]} 22. Rc1 {[#]} Rac8 $1 23. g3 c5 {[%cal Bc6c5,Bc5c4][%mdl 32]} 24. Rbc2 c4 25. Bb7 Rc5 26. f4 Ra5 27. Bf3 Ra4 28. Be2 Rd7 29. Kf2 h6 30. Kg1 (30. Bxc4 $142 Nxc4 31. Rxc4 Rxa2+ 32. R4c2 Rxc2+ 33. Rxc2) 30... Rc7 31. Kf2 Rc5 32. Bf1 Kf8 33. h4 (33. a3 $17) 33... g6 $19 34. Be2 Kg7 35. Bd1 Ra3 36. Be2 c3 {And now ...Nd5 would win.} 37. Bf3 Nd5 38. Bxd5 exd5 $17 {[%mdl 4096] Endgame KRR-KRR} 39. Ke3 Ra4 40. Kd3 d4 41. Re1 (41. Rb1 $17) 41... Rc6 (41... Rb5 $19 42. g4 Kf8) 42. Re4 Rca6 (42... Rcc4 $17 {Hoping for ...Rcb4.} 43. a3 f6) 43. Rxd4 $11 {The position is equal.} Rxa2 44. Rxc3 R6a3 45. Rd7 Rxc3+ 46. Kxc3 {KR-KR} Kf8 47. Kd3 a5 48. Ra7 Ra3+ 49. Ke4 Rxg3 50. Rxa5 Rh3 51. Ra8+ Kg7 52. Ra7 {Strongly threatening e6.} Rh1 53. Kf3 Kf8 54. Ra8+ Ke7 55. Ra7+ Kf8 56. Ra8+ Kg7 57. Ra7 {Precision: White = 42%, Black = 68%.} 1/2-1/2